Catálogo público

Resúmenes del Congreso nacional sobre manejo de pastizales / (Record no. 164702)

MARC details
000 -CABECERA
campo de control de longitud fija 01269nam a2200313Ia 4500
001 - NÚMERO DE CONTROL
campo de control Z_1615
003 - IDENTIFICADOR DEL NÚMERO DE CONTROL
campo de control CHAP
008 - DATOS DE LONGITUD FIJA--INFORMACIÓN GENERAL
campo de control de longitud fija 220113s1990 xx 000 0 und d
010 ## - NÚMERO DE CONTROL DE LA BIBLIOTECA DEL CONGRESO
Número de control de LC 164702
040 ## - FUENTE DE LA CATALOGACIÓN
Centro/agencia transcriptor CHAP
082 ## - NÚMERO DE LA CLASIFICACIÓN DECIMAL DEWEY
Número de clasificación 633.2 C66
111 ## - ENTRADA PRINCIPAL--NOMBRE DE CONGRESO/REUNIÓN
Nombre de congreso/reunión o jurisdicción como elemento de entrada Congreso Nacional sobre Manejo de Pastizales (6: agosto de 1990: Monterrey, Nuevo León)
9 (RLIN) 138774
245 ## - MENCIÓN DE TÍTULO
Título Resúmenes del Congreso nacional sobre manejo de pastizales /
Mención de responsabilidad, etc. Sociedad Mexicana de Manejo de Pastizales
260 ## - PUBLICACIÓN, DISTRIBUCIÓN, ETC.
Lugar de publicación, distribución, etc. México :
Nombre del editor, distribuidor, etc. Universidad Autónoma de Nuevo León,
Fecha de publicación, distribución, etc. 1990
300 ## - DESCRIPCIÓN FÍSICA
Extensión 101 p.
500 ## - NOTA GENERAL
Nota general PERDIDO (el original lo perdio el Dr. Améndola y lo sustituyo por: X Congreso Nacional Sociedad Méxicana de Manejo de Pastizales (24 - 26 agosto de 1994: Monterrey, Nuevo León)/ Memorias).
503 ## - NOTA DE HISTORIA BIBLIOGRÁFICA (BK CF MU) [OBSOLETO]
Nota de historia bibliográfica ej.1: fotocopias \ ej.2. fotocopias
650 ## - PUNTO DE ACCESO ADICIONAL DE MATERIA--TÉRMINO DE MATERIA
Término de materia o nombre geográfico como elemento de entrada Pastizales
Subdivisión general Ecología
9 (RLIN) 85933
650 ## - PUNTO DE ACCESO ADICIONAL DE MATERIA--TÉRMINO DE MATERIA
Término de materia o nombre geográfico como elemento de entrada Pastizales
Subdivisión general Investigación
9 (RLIN) 85938
650 ## - PUNTO DE ACCESO ADICIONAL DE MATERIA--TÉRMINO DE MATERIA
Término de materia o nombre geográfico como elemento de entrada Pastizales
Subdivisión general Manejo
9 (RLIN) 85944
710 ## - PUNTO DE ACCESO ADICIONAL--NOMBRE DE ENTIDAD CORPORATIVA
Nombre de entidad corporativa o nombre de jurisdicción como elemento de entrada Sociedad Mexicana de Manejo de Pastizales \ Universidad Autónoma de Nuevo León
9 (RLIN) 138775
711 ## - PUNTO DE ACCESO ADICIONAL--NOMBRE DE REUNIÓN/CONGRESO
Nombre de congreso/reunión o jurisdicción como elemento de entrada Congreso Nacional sobre Manejo de Pastizales (6: 1990: Monterrey, Nuevo León)
9 (RLIN) 27133
901 ## - ELEMENTOS DE DATOS A LOCAL LDA (RLIN)
a 633.2 C66
902 ## - ELEMENTOS DE DATOS B LOCAL, LDB (RLIN)
a M
910 ## - DATOS DE OPCIÓN DEL USUARIO (OCLC)
Datos de opción del usuario 1990
942 ## - ELEMENTOS DE PUNTO DE ACCESO ADICIONAL (KOHA)
Tipo de ítem Koha Libro_
942 ## - ELEMENTOS DE PUNTO DE ACCESO ADICIONAL (KOHA)
Tipo de ítem Koha
Holdings
Estado de retiro Estado de pérdida Fuente del sistema de clasificación o colocación Estado dañado No para préstamo Código de colección Localización permanente Ubicación/localización actual Ubicación en estantería Fecha de adquisición Código de barras Fecha visto por última vez Número de copia Precio válido a partir de Tipo de ítem Koha
    Dewey Decimal Classification     General Zootecnia Zootecnia   09/11/2005 z_4454 18/01/2022 1 18/01/2022 Libro
    Dewey Decimal Classification     General Zootecnia Zootecnia   19/04/2017 z_6768 18/01/2022 2 18/01/2022 Libro